000 00300nam a2200121Ia 4500
008 190216s9999||||xx |||||||||||||| ||und||
100 _aCharls P Kindleberger & Bruce Herrick
245 0 _aEconomic Developemt
260 _bMcgraw -hill
_c1977
300 _a397p
650 _aCommerce
942 _cBK
999 _c4224
_d4224